000 01022nam a22003497a 4500
001 0055400
003 KOHA_MİRAKIL
005 20260207004018.0
007 ta
008 160215b2011 tu |||gr||||#0|||1|tur |
020 _a9786054455577
040 _aTR-BiSEU
_btur
_cTR-BiSEU
_erda
041 0 _atur
044 _ctu
050 _aPL248.Y83
_bZ36 2011
100 1 _aYücel, Duygu.
245 1 _aZamane aşkları/
_cDuygu Yücel ; Duygu Yücel.
264 1 _aİstanbul :
_bDestek Yayınevi
_c2011
300 _a199 sayfa ;
_c21 cm.
336 _ametin
_btxt
_2rdacontent
337 _aaracısız
_bn
_2rdamedia
338 _acilt
_bnc
_2rdacarrier
490 1 _aDestek yayınevi ;
_v158.
490 1 _aEdebiyat ;
_v
_n 52.
500 _a"The İstanbul Bestseller" -- Kapak'ta.
650 0 _aTürk edebiyat--Roman.
_958523
650 0 _aTurkish literature--Fiction.
_93223
830 1 _aDestek yayınevi ;
_v158.
_976201
830 1 _aEdebiyat ;
_v
_n 52.
_9102886
907 _aRoman
942 _2lcc
_cBK
999 _c55208
_d55208